<?xml version="1.0" encoding="UTF-8"?>
<marc:record xmlns:marc="http://www.loc.gov/MARC21/slim">
   <marc:leader>00000nam a2200000 a 4500</marc:leader>
   <marc:datafield ind1="1" ind2=" " tag="100">
      <marc:subfield code="a">Heiden, Angela von</marc:subfield>
      <marc:subfield code="4">ctb</marc:subfield>
      <marc:subfield code="e">Mitwirkende/-r</marc:subfield>
   </marc:datafield>
   <marc:datafield ind1=" " ind2=" " tag="653">
      <marc:subfield code="a">Kochen &amp; Genießen</marc:subfield>
   </marc:datafield>
   <marc:datafield ind1=" " ind2=" " tag="653">
      <marc:subfield code="a">Partyhits</marc:subfield>
   </marc:datafield>
   <marc:datafield ind1=" " ind2=" " tag="653">
      <marc:subfield code="a">Feste feiern</marc:subfield>
   </marc:datafield>
   <marc:datafield ind1=" " ind2=" " tag="653">
      <marc:subfield code="a">Softcover / Ratgeber/Essen</marc:subfield>
   </marc:datafield>
   <marc:datafield ind1=" " ind2=" " tag="653">
      <marc:subfield code="a">Trinken/Themenkochbücher</marc:subfield>
   </marc:datafield>
   <marc:datafield ind1=" " ind2=" " tag="653">
      <marc:subfield code="a">Kochbuch</marc:subfield>
   </marc:datafield>
   <marc:datafield ind1="0" ind2="0" tag="245">
      <marc:subfield code="a">Feste feiern!</marc:subfield>
   </marc:datafield>
   <marc:datafield ind1="0" ind2="0" tag="245">
      <marc:subfield code="b">leckere Rezepte für Familie und Freunde</marc:subfield>
   </marc:datafield>
   <marc:datafield ind1="0" ind2="0" tag="245">
      <marc:subfield code="c">Text &amp; Red.: Angela von Heiden. Fotos: Food &amp; Foto, Hamburg. Ill.: Caro Flohr</marc:subfield>
   </marc:datafield>
   <marc:datafield ind1=" " ind2="1" tag="264">
      <marc:subfield code="a">Hamburg</marc:subfield>
      <marc:subfield code="b">Moewig</marc:subfield>
      <marc:subfield code="c">2015</marc:subfield>
   </marc:datafield>
   <marc:datafield ind1="1" ind2=" " tag="490">
      <marc:subfield code="a">Kochen &amp; genießen</marc:subfield>
   </marc:datafield>
   <marc:datafield ind1=" " ind2=" " tag="250">
      <marc:subfield code="a">1. Aufl.</marc:subfield>
   </marc:datafield>
   <marc:datafield ind1="1" ind2=" " tag="520">
      <marc:subfield code="a">Angaben aus der Verlagsmeldung

Kochen &amp; Genießen Feste feiern : Leckere Rezepte für Familie und Freunde / von Kochen Kochen &amp; Genießen

Köstliche Gerichte – glückliche Gäste!
Geburtstag, Einweihung oder einfach nur so: Mit Gästen zu feiern macht Spaß und ist ein Ereignis, an das man immer gern zurückdenkt. Damit Ihre nächste Party auch kulinarisch in Erinnerung bleibt, haben wir jede Menge raffinierter Partyrezepte für Sie zusammengestellt.
Denn wir lieben reichhaltige Büfetts mit leckerem Fingerfood wie Partyspieße, Schnittchen und Teigtaschen, köstlich-herzhafte Rezepte im Glas wie Schichtsalat, Currywurst oder Suppen, Sattmacher aus dem Ofen – oder darf`s auch mal Sushi sein? Und wenn gefeiert wird, darf das süße Highlight natürlich nicht fehlen: zum Beispiel Kuchen mit rosa Topping oder Glitzerstreuseln …
Unter unseren Lieblings-Partyrezepten finden sich sicher genügend Ideen, um den Gaumen Ihrer hungrigen Gäste zu erfreuen und Ihre Feier zu etwas ganz Besonderem zu machen. Fangen Sie gleich mit dem Stöbern an!
</marc:subfield>
   </marc:datafield>
   <marc:datafield ind1=" " ind2=" " tag="020">
      <marc:subfield code="a">9783868035865</marc:subfield>
      <marc:subfield code="9">9783868035865</marc:subfield>
   </marc:datafield>
   <marc:datafield ind1=" " ind2=" " tag="020">
      <marc:subfield code="a">3868035869</marc:subfield>
      <marc:subfield code="9">3868035869</marc:subfield>
   </marc:datafield>
   <marc:datafield ind1=" " ind2=" " tag="041">
      <marc:subfield code="a">ger</marc:subfield>
   </marc:datafield>
   <marc:datafield ind1=" " ind2=" " tag="300">
      <marc:subfield code="a">189 S.</marc:subfield>
   </marc:datafield>
</marc:record>
